01541nam a2200205 a 4500001001000000005001700010008004100027041000800068044000700076084002100083100003300104245012100137260004900258300003800307500001900345500004300364500011100407505077900518650003801297BRCA_879820190320210421.0190417s1774----sp-#######---#000-0#spa-# aspa asp aBE179b.M37 17741 aMartínez, Manuel Silvestre10aLibrería de juecesbutilísima, y universal...:tomo quinto...csu autor el Lic. D. Manuel Sylvestre Martínez... aMadridbEn la Imprenta de Blas Románc1774 a[20], 406 p. (t.5)c21.2 x 15 cm. aCon privilegio aDedicado al Excmo. Sr. Conde de Aranda aEstado físico: Presenta encuadernación en pergamino, con presencia del pez de plata y cantos adornados0 aContiene: En que se trata de la regia potestad del soberano, sobre las cosas y personas de todos sus vasallos seglares, y eclesiásticos regulares y seculares. Y de la espiritual y suprema de la silla apostólica. Se hace resumen y exposición de todas las leyes y autos acordados de que se compone el libro 1, de la recopilación novísima que se reimprimio, y añadió en el año de 1772. Y de las anteriores, y posteriores reales cedulas, decretos y pragmáticas aún no recopiladas, que declaran, confirman, ó derogan las antiguas disposiciones, ó dan otras nuevas, y se colocan en el lugar y títulos á que pertenecen; con que se manisfiestan las variaciones del Real Derecho, desde la primitiva recopilación del año 1567. hasta el presente de 177414aJuisprudenciayS. XVIIIzEspaña